UM Logo

Introduction to basic nursing research: (Record no. 2659)

MARC details
000 -LEADER
fixed length control field 00697nam a22002057a 4500
003 - CONTROL NUMBER IDENTIFIER
control field OSt
005 - DATE AND TIME OF LATEST TRANSACTION
control field 20160521154345.0
008 - FIXED-LENGTH DATA ELEMENTS--GENERAL INFORMATION
fixed length control field 160521b xxu||||| |||| 00| 0 eng d
020 ## - INTERNATIONAL STANDARD BOOK NUMBER
International Standard Book Number 971-513-181-6
040 ## - CATALOGING SOURCE
Transcribing agency LIC
082 ## - DEWEY DECIMAL CLASSIFICATION NUMBER
Edition number 2005
Classification number DFil 610.7
Item number As6
100 ## - MAIN ENTRY--PERSONAL NAME
9 (RLIN) 8754
Personal name Asperas, Carlito Manalaysay
245 ## - TITLE STATEMENT
Title Introduction to basic nursing research:
Remainder of title trends, methods, & applications: a text-workbook/
Statement of responsibility, etc. Carlito Manalaysay Asperas.
260 ## - PUBLICATION, DISTRIBUTION, ETC. (IMPRINT)
Place of publication, distribution, etc. Philippines:
Name of publisher, distributor, etc. Educational Publishing House,
Date of publication, distribution, etc. c2005.
300 ## - PHYSICAL DESCRIPTION
Extent 258 pages;
Dimensions 27 cm.
500 ## - GENERAL NOTE
General note Includes bibliography, appendices and glossary.
650 #0 - SUBJECT ADDED ENTRY--TOPICAL TERM
9 (RLIN) 8755
Topical term or geographic name as entry element Research
General subdivision Nursing
650 #0 - SUBJECT ADDED ENTRY--TOPICAL TERM
9 (RLIN) 8756
Topical term or geographic name as entry element Nursing research
942 ## - ADDED ENTRY ELEMENTS (KOHA)
Source of classification or shelving scheme Dewey Decimal Classification
Koha item type Filipiniana

No items available.